000 00696cam a22001931 4500
001 8006307
005 20250726131319.0
008 761016s1966 enk d 000 0 eng
050 0 0 _aPE1580
_b.O5
082 _a422.03
100 1 _aOnions, C. T.
_q(Charles Talbut),
_d1873-1965,
_eed.
245 1 4 _aThe Oxford dictionary of English etymology,
_cedited by C. T. Onions with the assistance of G. W. S. Friedrichsen and R. W. Burchfield.
260 _aOxford,
_bClarendon P.,
_c1966.
300 _axvi, 1025 p.
_c24 cm.
650 0 _aEnglish language
_xEtymology
_xDictionaries.
700 1 _aFriedrichsen, G. W. S.
_q(George Washington Salisbury)
700 1 _aBurchfield, R. W.
942 _2lcc
_cBK
_n0
999 _c7189
_d7189